000 00432nam a2200169 4500
001 VA40503
003 ES-SlBCS
005 20210601154306.0
008 140520s1972 xxu||||| |||| 00| 0 spa d
041 _aspa
100 1 _aMonier, Padre
_9368290
245 1 0 _aMigajas espirituales
_cPadre Monier
260 _aMadrid :
_bStudium
_c, 1972
300 _a235 p.;
_c16 cm
650 _aEspiritualidad-Reflexiones
_9368291
942 _cBK
999 _c802702
_d802702